[Event "4NCL Division 4 South"]
[Site "Daventry, ENG"]
[Date "2018.11.17"]
[Round "1.76"]
[White "John, Amy"]
[Black "Miller, Max C"]
[Result "0-1"]
[WhiteElo "1435"]
[BlackElo "1697"]
[PlyCount "94"]
[EventDate "2018.11.17"]
[WhiteTeam "Iceni 3"]
[BlackTeam "MK Phoenix 2"]

1. e4 c5 2. Nf3 Nc6 3. d4 cxd4 4. Nxd4 Nf6 5. Nc3 e5 6. Nxc6 bxc6 7. Bc4 Bb4 8.
O-O Bxc3 9. bxc3 Nxe4 10. Qh5 Qe7 11. Re1 d5 12. Bb3 O-O 13. c4 g6 14. Qh6 Bb7
15. a4 Rfe8 16. cxd5 cxd5 17. a5 Bc6 18. Bb2 Rab8 19. h3 d4 20. Ba3 Qf6 21. f3
Nd6 22. Rad1 Nf5 23. Qc1 Ne3 24. Rd3 Qg5 25. Rd2 Bxf3 26. Bd5 Bxd5 27. Ree2
Nxg2 28. Rxg2 Bxg2 29. Rxg2 Qxc1+ 30. Bxc1 Rb1 31. Kh2 Rxc1 32. h4 Rc8 33. Rg3
R8xc2+ 34. Kh3 h5 35. Rg5 Rh1+ 36. Kg3 Rg1+ 37. Kf3 Rxg5 38. a6 Rf5+ 39. Ke4
Rf4+ 40. Kxe5 Rxh4 41. Kd5 d3 42. Ke5 d2 43. Kf6 d1=Q 44. Kg5 Qg4+ 45. Kf6 Qf5+
46. Ke7 Qe6+ 47. Kd8 Rd4# 0-1

[Event "4NCL Division 4 South"]
[Site "Daventry, ENG"]
[Date "2018.11.17"]
[Round "1.81"]
[White "Pollack, Oscar"]
[Black "Clark, Ian C"]
[Result "0-1"]
[WhiteElo "2147"]
[BlackElo "1974"]
[PlyCount "78"]
[EventDate "2018.11.17"]
[WhiteTeam "Barnet Knights 2"]
[BlackTeam "Wessex B"]

1. e4 c5 2. Nf3 d6 3. d4 cxd4 4. Nxd4 Nf6 5. Nc3 a6 6. g3 e5 7. Nde2 Be7 8. Bg2
O-O 9. O-O Nc6 10. h3 Be6 11. Be3 Rc8 12. f4 b5 13. f5 Bc4 14. a3 Qc7 15. g4
Nd4 16. Nxd4 exd4 17. Qxd4 Bxf1 18. Rxf1 h6 19. Bf3 Qd8 20. Rf2 Nd7 21. Nd5 Bh4
22. Rg2 Ne5 23. Be2 Rc4 24. Qa7 Rxe4 25. Qxa6 Nc4 26. Bc1 Bg5 27. Bxg5 Qxg5 28.
Qxb5 Ne3 29. Nxe3 Qxe3+ 30. Kh2 Qf4+ 31. Kg1 Rfe8 32. Qd3 Re3 33. Qd1 Qe5 34.
Kf1 Qxb2 35. a4 Qb4 36. c4 Rxh3 37. Qd4 Rh1+ 38. Kf2 Qe1+ 39. Kf3 Rh3+ 0-1

[Event "4NCL Division 4 South"]
[Site "Daventry, ENG"]
[Date "2018.11.17"]
[Round "1.82"]
[White "De Coverly, Roger D"]
[Black "Covey, Jason"]
[Result "1-0"]
[WhiteElo "1946"]
[BlackElo "2087"]
[PlyCount "113"]
[EventDate "2018.11.17"]
[WhiteTeam "Wessex B"]
[BlackTeam "Barnet Knights 2"]

1. e4 e6 2. d4 d5 3. exd5 exd5 4. c4 Nf6 5. Nc3 Bb4 6. Nf3 O-O 7. Be2 dxc4 8.
Bxc4 Bg4 9. O-O Nc6 10. Be3 Bxf3 11. Qxf3 h6 12. Rfd1 Qd7 13. Bxh6 Nxd4 14. Qg3
Nf5 15. Rxd7 Nxg3 16. Rxc7 Bxc3 17. bxc3 Rfc8 18. Bxf7+ Kh7 19. Rxc8 Rxc8 20.
hxg3 Kxh6 21. c4 Rc7 22. Bd5 Nxd5 23. cxd5 Kg6 24. g4 Kg5 25. g3 Kxg4 26. Re1
Rd7 27. Kg2 Kf5 28. Kf3 Kf6 29. Re6+ Kf7 30. Ke4 a6 31. f4 a5 32. Rb6 Ke7 33.
a4 Kd8 34. d6 Ke8 35. Ke5 Rf7 36. Rb5 g6 37. g4 Kd8 38. Rxa5 Kd7 39. Rc5 Kd8
40. f5 gxf5 41. gxf5 b6 42. Rb5 Ra7 43. Rb4 Kd7 44. Rd4 Ra5+ 45. Kf6 b5 46.
axb5 Rxb5 47. Kg6 Rb1 48. Kf7 Rf1 49. f6 Rg1 50. Kf8 Rf1 51. f7 Rg1 52. Ra4 Rg2
53. Rh4 Kxd6 54. Rh7 Ke6 55. Rg7 Rf2 56. Kg8 Ke7 57. f8=Q+ 1-0

[Event "4NCL Division 4 South"]
[Site "Daventry, ENG"]
[Date "2018.11.17"]
[Round "1.83"]
[White "Kesterson, Kennan"]
[Black "Pentakota, Rajasekhar"]
[Result "1-0"]
[WhiteElo "1810"]
[BlackElo "1937"]
[PlyCount "107"]
[EventDate "2018.11.17"]
[WhiteTeam "Barnet Knights 2"]
[BlackTeam "Wessex B"]

1. e4 c5 2. Nc3 Nc6 3. g3 e6 4. Bg2 Nge7 5. d3 g6 6. Be3 d6 7. f4 Bg7 8. Nf3
O-O 9. O-O Rb8 10. d4 cxd4 11. Nxd4 Qb6 12. Na4 Qa5 13. Nc3 Qb4 14. a3 Qc4 15.
Nce2 e5 16. fxe5 dxe5 17. Nxc6 Nxc6 18. Nc3 Nd4 19. Bxd4 exd4 20. Nd5 Qc5 21.
Qd3 f5 22. Rae1 Be6 23. b4 Qd6 24. Nf4 fxe4 25. Bxe4 Bf5 26. Bxf5 Rxf5 27. Re6
Qc7 28. Rfe1 Rbf8 29. Re7 Qc8 30. Ne6 Bf6 31. Rc7 Qe8 32. Qc4 Kh8 33. Re2 Bd8
34. Nxf8 Qxf8 35. Qxd4+ Kg8 36. Re8 Bxc7 37. Rxf8+ Rxf8 38. Qxa7 Be5 39. Qxb7
Bd4+ 40. Kg2 Rf2+ 41. Kh3 Bb2 42. Qc8+ Kg7 43. a4 h5 44. Qc5 Re2 45. g4 Be5 46.
gxh5 gxh5 47. Qg1+ Kh6 48. c4 Re4 49. Qc1+ Kg6 50. Qc2 Kf5 51. a5 Bc7 52. a6
Bb8 53. b5 Ke5 54. Qxe4+ 1-0

[Event "4NCL Division 4 South"]
[Site "Daventry, ENG"]
[Date "2018.11.17"]
[Round "1.84"]
[White "Lovell, William Pm"]
[Black "Wolstenholme, Otis"]
[Result "1-0"]
[WhiteElo "1892"]
[BlackElo "1712"]
[PlyCount "141"]
[EventDate "2018.11.17"]
[WhiteTeam "Wessex B"]
[BlackTeam "Barnet Knights 2"]

1. c4 e6 2. g3 d5 3. b3 Nf6 4. Bg2 Be7 5. Nf3 O-O 6. O-O c5 7. Bb2 Nc6 8. e3 b6
9. Nc3 Bb7 10. cxd5 exd5 11. d4 Qd7 12. Rc1 cxd4 13. Nxd4 Nxd4 14. Qxd4 Rfd8
15. Rfd1 Bc5 16. Qh4 Qe7 17. Qg5 h6 18. Qf4 Rac8 19. Na4 Bd6 20. Bxf6 Qxf6 21.
Qxf6 gxf6 22. Rxc8 Rxc8 23. Bxd5 Bxd5 24. Rxd5 Be5 25. Rd2 b5 26. Nb2 Bxb2 27.
Rxb2 Rc6 28. Kg2 a6 29. Kf3 Re6 30. Rd2 Kg7 31. Kf4 Kg6 32. e4 Kg7 33. g4 Kg6
34. h4 Rc6 35. f3 Re6 36. a3 Rc6 37. Rd3 Re6 38. b4 Rc6 39. h5+ Kg7 40. Kf5 Re6
41. f4 Rc6 42. e5 fxe5 43. fxe5 Rc1 44. Rf3 Rc6 45. g5 hxg5 46. Kxg5 Rc1 47.
h6+ Kg8 48. h7+ Kxh7 49. Rxf7+ Kg8 50. Rf6 Rg1+ 51. Kf4 Rf1+ 52. Ke4 Re1+ 53.
Kd4 Rd1+ 54. Kc3 Re1 55. Kd4 Rd1+ 56. Kc5 Re1 57. Kd6 Rd1+ 58. Kc7 Rd3 59. Rxa6
Kf7 60. Kc6 Ke6 61. Kxb5+ Kxe5 62. a4 Rd5+ 63. Kb6 Rd6+ 64. Ka5 Rd5+ 65. b5 Rd7
66. Rc6 Ra7+ 67. Kb4 Rd7 68. b6 Rd1 69. Ka5 Kd5 70. b7 Rb1 71. Rb6 1-0

[Event "4NCL Division 4 South"]
[Site "Daventry, ENG"]
[Date "2018.11.17"]
[Round "1.85"]
[White "Sanfey, Gregor"]
[Black "Adaway, William"]
[Result "0-1"]
[WhiteElo "1660"]
[BlackElo "1860"]
[PlyCount "76"]
[EventDate "2018.11.17"]
[WhiteTeam "Barnet Knights 2"]
[BlackTeam "Wessex B"]

1. e4 e5 2. Nf3 d6 3. d4 exd4 4. Nxd4 Nf6 5. Nc3 Be7 6. h3 O-O 7. Be3 c6 8. Qd2
Re8 9. Bd3 Bf8 10. O-O Nbd7 11. f3 Nc5 12. Qf2 Nxd3 13. cxd3 d5 14. Nb3 b6 15.
Bg5 Be7 16. Rac1 h6 17. Bh4 g5 18. Bg3 c5 19. Nb5 Nh5 20. Bh2 Nf4 21. Bxf4 gxf4
22. Nc3 Bb7 23. Ne2 Bh4 24. g3 fxg3 25. Nxg3 Kh7 26. Kh2 Rg8 27. Rg1 Qd7 28.
Qf1 Bxg3+ 29. Rxg3 Rxg3 30. Kxg3 Rg8+ 31. Kh2 Qd6+ 32. Kh1 Qf4 33. Rc2 Rg3 34.
Rf2 Bc8 35. Qc1 Rxh3+ 36. Kg1 Qh4 37. Qd2 Rh1+ 38. Kg2 Qh3# 0-1

[Event "4NCL Division 4 South"]
[Site "Daventry, ENG"]
[Date "2018.11.17"]
[Round "1.86"]
[White "Deacon, David J"]
[Black "Vaidya, Raghav"]
[Result "1-0"]
[WhiteElo "1855"]
[BlackElo "1622"]
[PlyCount "85"]
[EventDate "2018.11.17"]
[WhiteTeam "Wessex B"]
[BlackTeam "Barnet Knights 2"]

1. Nf3 Nf6 2. d4 e6 3. g3 b6 4. Bg2 Bb7 5. O-O Be7 6. c4 O-O 7. Nc3 Bb4 8. Qc2
Bxc3 9. Qxc3 d6 10. Bg5 Nbd7 11. Rac1 h6 12. Bxf6 Qxf6 13. Rfd1 Be4 14. Ne5
Nxe5 15. dxe5 Qg6 16. exd6 Bxg2 17. Kxg2 Qe4+ 18. Qf3 Qxf3+ 19. Kxf3 c6 20. c5
b5 21. Rc3 a5 22. e4 Rfd8 23. Ke3 Rd7 24. f4 f6 25. g4 g6 26. Rg1 Kf7 27. Kd4
Rad8 28. Rh3 Rh8 29. Ra3 Ra7 30. Rag3 Re8 31. e5 fxe5+ 32. Kxe5 Kg7 33. h4 Rf7
34. Ra3 Ra7 35. h5 g5 36. fxg5 hxg5 37. Rf1 a4 38. b4 Rf7 39. Rxf7+ Kxf7 40.
Rf3+ Kg7 41. a3 Rd8 42. Kxe6 Kg8 43. d7 1-0

[Event "4NCL Division 4 South"]
[Site "Daventry, ENG"]
[Date "2018.11.17"]
[Round "1.91"]
[White "Hadi, Justin"]
[Black "Dias, Savin"]
[Result "0-1"]
[WhiteElo "2015"]
[BlackElo "1846"]
[PlyCount "72"]
[EventDate "2018.11.17"]
[WhiteTeam "Oxford 3"]
[BlackTeam "Wood Green Youth"]

1. d4 Nf6 2. c4 e6 3. g3 Bb4+ 4. Bd2 Bxd2+ 5. Nxd2 d5 6. Ngf3 b6 7. Bg2 Bb7 8.
O-O Nbd7 9. cxd5 exd5 10. Qc2 O-O 11. b4 Rc8 12. e3 c5 13. bxc5 bxc5 14. dxc5
Nxc5 15. Bh3 Ne6 16. Qb2 Qe7 17. Nb3 Rb8 18. Nfd4 Nxd4 19. Qxd4 Ba6 20. Rfc1
Rb4 21. Qc5 Qxc5 22. Rxc5 Rfb8 23. Ra5 R4b6 24. Nc5 Rb1+ 25. Rxb1 Rxb1+ 26. Kg2
Bf1+ 27. Kf3 Bxh3 28. Rxa7 g6 29. a4 Rc1 30. Nd3 Rc2 31. g4 Bxg4+ 32. Kf4 Bf5
33. Kg5 Kg7 34. Ne5 Ne4+ 35. Kh4 g5+ 36. Kh5 Rxf2 0-1

[Event "4NCL Division 4 South"]
[Site "Daventry, ENG"]
[Date "2018.11.17"]
[Round "1.92"]
[White "Harrison, James"]
[Black "Burrows, Nick"]
[Result "0-1"]
[WhiteElo "1825"]
[BlackElo "1937"]
[PlyCount "56"]
[EventDate "2018.11.17"]
[WhiteTeam "Wood Green Youth"]
[BlackTeam "Oxford 3"]

1. e4 c6 2. d4 d5 3. Nc3 dxe4 4. Nxe4 Bf5 5. Ng3 Bg6 6. h4 h6 7. Nf3 Nd7 8. h5
Bh7 9. Bd3 Bxd3 10. Qxd3 e6 11. Bd2 Ngf6 12. O-O-O Be7 13. Kb1 O-O 14. Ne4 Nxe4
15. Qxe4 Nf6 16. Qe2 Qd5 17. Be3 Ng4 18. Bf4 Qb5 19. Qd2 Bb4 20. c3 Bxc3 21.
Qxc3 Qf5+ 22. Ka1 Qxf4 23. Rh4 Qf5 24. Re1 Rad8 25. Qb4 Nxf2 26. Qxb7 Rb8 27.
Qc7 Qc2 28. Rb1 Nd3 0-1

[Event "4NCL Division 4 South"]
[Site "Daventry, ENG"]
[Date "2018.11.17"]
[Round "1.93"]
[White "Rudny, Tomasz"]
[Black "Parry, Samuel"]
[Result "1/2-1/2"]
[WhiteElo "1922"]
[BlackElo "1491"]
[PlyCount "108"]
[EventDate "2018.11.17"]
[WhiteTeam "Oxford 3"]
[BlackTeam "Wood Green Youth"]

1. d4 Nf6 2. c4 g6 3. f3 Bg7 4. e4 d6 5. Ne2 O-O 6. Be3 c5 7. Qd2 Nc6 8. d5 Ne5
9. Nec3 e6 10. Be2 a6 11. O-O Rb8 12. a4 exd5 13. Nxd5 Nxd5 14. exd5 Re8 15.
Re1 Bf5 16. Na3 b6 17. Bg5 f6 $11 18. Bf4 g5 19. Bxe5 fxe5 20. Bd3 Qf6 21. Bxf5
Qxf5 22. Re4 h5 23. Qe2 Rb7 24. Nc2 Qg6 25. h3 Rf8 26. Ne1 Rf4 27. Nd3 Rxe4 28.
Qxe4 Qxe4 29. fxe4 Rf7 $11 30. Rf1 Bh6 31. g4 hxg4 32. hxg4 Rxf1+ 33. Kxf1 Kf7
34. b4 a5 35. bxa5 bxa5 36. Nc1 Ke7 37. Nb3 Kd7 38. Nxa5 Kc7 39. Ke2 Bf8 40.
Kd3 Be7 41. Kc3 Bd8 42. Kb2 Kb6 43. Nc6 Bc7 44. Kb3 Ka6 45. Ka3 Ba5 46. Nb8+
Kb7 47. Nd7 Ka6 48. Nf6 Bd8 49. Ng8 Ka5 50. Nh6 Be7 51. Kb3 Kb6 52. Ka3 Ka5 53.
Nf5 Bf8 54. Kb3 Kb6 1/2-1/2

[Event "4NCL Division 4 South"]
[Site "Daventry, ENG"]
[Date "2018.11.17"]
[Round "1.94"]
[White "Hirst, Joe"]
[Black "Cole, Graham"]
[Result "1/2-1/2"]
[WhiteElo "1489"]
[BlackElo "1842"]
[PlyCount "43"]
[EventDate "2018.11.17"]
[WhiteTeam "Wood Green Youth"]
[BlackTeam "Oxford 3"]

1. e4 c5 2. Nf3 d6 3. d4 cxd4 4. Nxd4 Nf6 5. Nc3 g6 6. Be2 Bg7 7. O-O O-O 8.
Be3 Nc6 9. Nb3 Be6 10. f4 a6 11. Bf3 Rc8 12. h3 Qc7 13. Qd2 Rfe8 14. f5 Bc4 15.
Rf2 Ne5 16. Bh6 Red8 17. Bxg7 Kxg7 18. Nd4 d5 19. fxg6 hxg6 20. Qg5 e6 21. Be2
Nh7 22. Qe3 1/2-1/2

[Event "4NCL Division 4 South"]
[Site "Daventry, ENG"]
[Date "2018.11.17"]
[Round "1.95"]
[White "Rogozinski, Andrew"]
[Black "Dias, Ruwan"]
[Result "1-0"]
[WhiteElo "1871"]
[BlackElo "1465"]
[PlyCount "43"]
[EventDate "2018.11.17"]
[WhiteTeam "Oxford 3"]
[BlackTeam "Wood Green Youth"]

1. e4 e5 2. Nf3 Nf6 3. Nxe5 d6 4. Nf3 Nxe4 5. d4 d5 6. Bd3 Nc6 7. Nc3 Bb4 8.
O-O Bxc3 9. bxc3 Nxc3 10. Qe1+ Ne4 11. Bxe4 dxe4 12. Qxe4+ Ne7 13. Ba3 Bf5 14.
Qe5 Be6 15. Qxg7 Ng6 16. Rad1 c6 17. Ne5 Qh4 18. Nxf7 Bxf7 19. Rfe1+ Kd8 20.
Qxf7 Qg5 21. Re6 Nf4 22. Be7+ 1-0

[Event "4NCL Division 4 South"]
[Site "Daventry, ENG"]
[Date "2018.11.17"]
[Round "1.96"]
[White "Johal, Amrissa Kaur"]
[Black "Foster, Timothy"]
[Result "0-1"]
[WhiteElo "1232"]
[BlackElo "1855"]
[PlyCount "56"]
[EventDate "2018.11.17"]
[WhiteTeam "Wood Green Youth"]
[BlackTeam "Oxford 3"]

1. d4 Nf6 2. Nc3 d5 3. Bg5 c5 4. Bxf6 gxf6 5. e3 Nc6 6. Nf3 e6 7. a3 Bd7 8. Be2
cxd4 9. exd4 Be7 10. Qd2 Rc8 11. O-O-O a6 12. Na4 Na5 13. Nc3 Qc7 14. Na2 Nb3+
15. Kb1 Nxd2+ 16. Rxd2 b5 17. Rc1 Bf8 18. Rd3 Bh6 19. Rc3 Qb7 20. Rxc8+ Qxc8
21. Rd1 O-O 22. Rd3 Qb7 23. Nb4 a5 24. Na2 b4 25. axb4 Bb5 26. Ra3 axb4 27.
Nxb4 Bxe2 28. Rb3 Bc4 0-1

[Event "4NCL Division 4 South"]
[Site "Daventry, ENG"]
[Date "2018.11.17"]
[Round "1.99"]
[White "Zakarian, Dimitrios Levon"]
[Black "Ireland, David J"]
[Result "0-1"]
[WhiteElo "1772"]
[BlackElo "1997"]
[PlyCount "116"]
[EventDate "2018.11.17"]

1. d4 Nf6 2. Nf3 d5 3. c4 c6 4. Qc2 Bg4 5. Ne5 e6 6. Nxg4 Nxg4 7. h3 Nf6 8. g3
dxc4 9. Qxc4 Qd5 10. Qxd5 cxd5 11. Nc3 Nc6 12. Be3 Bb4 13. Rc1 Ne4 14. Bg2 f5
15. O-O Kd7 16. Nxe4 fxe4 17. f3 exf3 18. Rxf3 Rhf8 19. Rcf1 Rxf3 20. Rxf3 Rf8
21. Kf1 Rxf3+ 22. Bxf3 Be7 23. Bf2 Bf6 24. e3 Nb4 25. e4 Kc6 26. e5 Bg5 27. Bg4
Kd7 28. a3 Nc6 29. b4 b5 30. Be2 a6 31. a4 bxa4 32. Bxa6 a3 33. Be1 a2 34. Bc3
Nxb4 35. Bb5+ Kc7 36. Ba4 Kb6 37. Ke2 Ka5 38. Bb3 Kb5 39. h4 Bh6 40. g4 g6 41.
g5 Bf8 42. Ke3 Be7 43. Kd2 Bf8 44. Bd1 h6 45. Bg4 hxg5 46. hxg5 Be7 47. Bxe6
Bxg5+ 48. Kd1 Kc4 49. Ba1 Be3 50. Bd7 Bxd4 51. Bb5+ Kc5 52. e6 Bxa1 53. e7 Bc3
54. e8=Q a1=Q+ 55. Ke2 Qe1+ 56. Kf3 Qxe8 57. Bxe8 g5 58. Kg4 Bd2 0-1

[Event "4NCL Division 4 South"]
[Site "Daventry, ENG"]
[Date "2018.11.17"]
[Round "1.99"]
[White "Davidson, Laura"]
[Black "Gentry, Alan E"]
[Result "1/2-1/2"]
[WhiteElo "1817"]
[BlackElo "1733"]
[PlyCount "73"]
[EventDate "2018.11.17"]

1. d4 Nf6 2. Bg5 e6 3. Nf3 h6 4. Bh4 c5 5. e3 Nc6 6. Nbd2 d5 7. c3 cxd4 8. exd4
Bd6 9. Bd3 Qc7 10. O-O Bd7 11. a4 g5 12. Bg3 Nh5 13. Bxd6 Qxd6 14. Bb5 Nf4 15.
Bxc6 bxc6 16. Ne5 f6 17. Nxd7 Qxd7 18. Nb3 h5 19. Re1 Qd6 20. Nc5 e5 21. b4 e4
22. Rb1 Kf7 23. b5 Rab8 24. Rb3 Ne6 25. Nxe6 Qxe6 26. bxc6 Rxb3 27. Qxb3 Qxc6
28. Rxe4 Kg6 29. Re7 Re8 30. Rxe8 Qxe8 31. Qd1 Qe4 32. Kf1 h4 33. h3 f5 34. Qe1
Qd3+ 35. Qe2 Qb1+ 36. Qe1 Qd3+ 37. Qe2 1/2-1/2

[Event "4NCL Division 4 South"]
[Site "Daventry, ENG"]
[Date "2018.11.17"]
[Round "1.99"]
[White "Neatherway, A Philip"]
[Black "Charnley, Bernard J"]
[Result "1-0"]
[WhiteElo "1813"]
[BlackElo "1877"]
[PlyCount "107"]
[EventDate "2018.11.17"]

1. e4 c5 2. Nf3 Nc6 3. d4 cxd4 4. Nxd4 Nf6 5. Nc3 e5 6. Ndb5 d6 7. Bg5 a6 8.
Na3 b5 9. Nd5 Be7 10. Bxf6 Bxf6 11. c4 b4 12. Nc2 a5 13. Be2 Bg5 14. Bg4 O-O
15. h4 Bh6 16. Bxc8 Rxc8 17. g4 Bf4 18. Qf3 Re8 19. b3 Re6 20. Rd1 Qe8 21. Kf1
Kh8 22. g5 Kg8 23. Rg1 Kh8 24. Rg4 h5 25. Rg1 g6 26. Kg2 Kg7 27. Rge1 Kg8 28.
Nxf4 exf4 29. Qxf4 Ne5 30. f3 Qf8 31. Rd5 Ra8 32. Red1 Ra6 33. Nd4 Re8 34. Nb5
Rd8 35. Qxe5 dxe5 36. Rxd8 a4 37. Rxf8+ Kxf8 38. Rd5 axb3 39. axb3 Ra2+ 40. Kg3
Rb2 41. Rxe5 Rxb3 42. Nc7 Rc3 43. Re8+ Kg7 44. Rb8 Rxc4 45. Nd5 Rc1 46. Rxb4
Rc8 47. Rb7 Rd8 48. Nf6 Ra8 49. Rd7 Kf8 50. Kf4 Ra5 51. Rd5 Ra1 52. Ke5 Rh1 53.
Rd8+ Ke7 54. Re8# 1-0

[Event "4NCL Division 4 South"]
[Site "Daventry, ENG"]
[Date "2018.11.17"]
[Round "1.99"]
[White "Price, Andrew"]
[Black "Rayner, Hugo"]
[Result "1-0"]
[WhiteElo "1810"]
[BlackElo "1622"]
[PlyCount "53"]
[EventDate "2018.11.17"]

1. e4 c5 2. Nf3 d6 3. d4 cxd4 4. Nxd4 Nf6 5. Nc3 g6 6. Be3 Bg7 7. f3 O-O 8. Qd2
Nc6 9. a3 Bd7 10. Qf2 a6 11. Bc4 Rc8 12. Ba2 Ne5 13. Nde2 Nc4 14. Bxc4 Rxc4 15.
Bd4 b5 16. g4 a5 17. Bb6 Qc8 18. Bxa5 Qc5 19. Qxc5 Rxc5 20. Bb4 Rc7 21. Rd1 Bh6
22. h4 Be3 23. g5 Rxc3 24. Nxc3 Nh5 25. Nd5 Bc5 26. Nxe7+ Kg7 27. Bxc5 1-0

[Event "4NCL Division 4 South"]
[Site "Daventry, ENG"]
[Date "2018.11.17"]
[Round "1.99"]
[White "Beckett, Richard"]
[Black "Goodwin, Ed H"]
[Result "0-1"]
[WhiteElo "1625"]
[BlackElo "1855"]
[PlyCount "48"]
[EventDate "2018.11.17"]

1. e4 c5 2. Nf3 e6 3. d4 cxd4 4. Nxd4 a6 5. c4 Nf6 6. Nc3 Qc7 7. Bd3 Nc6 8.
Nxc6 dxc6 9. O-O e5 10. Bg5 Be7 11. Qc2 h6 12. Bh4 g5 13. Bg3 Nh5 14. Rac1 Nxg3
15. fxg3 Bc5+ 16. Kh1 Be6 17. a3 Bd4 18. Qa4 O-O 19. Qd1 Rac8 20. Qh5 Kg7 21.
h4 Qe7 22. Be2 f6 23. Bd3 Qd7 24. Qd1 Be3 0-1

[Event "4NCL Division 4 South"]
[Site "Daventry, ENG"]
[Date "2018.11.17"]
[Round "1.99"]
[White "Woolgar, Steven G"]
[Black "Matilal, Tamal"]
[Result "0-1"]
[WhiteElo "1727"]
[BlackElo "1440"]
[PlyCount "90"]
[EventDate "2018.11.17"]

1. c4 Nf6 2. Nc3 d5 3. cxd5 Nxd5 4. Nf3 Nc6 5. g3 e5 6. e4 Nxc3 7. bxc3 Bg4 8.
Bg2 Qd3 9. Qe2 Qxe2+ 10. Kxe2 O-O-O 11. h3 Be6 12. d3 f6 13. a4 Bc5 14. Be3
Bxe3 15. Kxe3 Na5 16. Rhd1 Bb3 17. Rd2 g5 18. Bf1 h5 19. Ne1 Be6 20. Rb2 Rd6
21. Nc2 f5 22. exf5 Bxf5 23. Rb5 Nc6 24. Nb4 Nxb4 25. cxb4 Rhd8 26. Rd1 Re8 27.
Rc5 Bd7 28. b5 b6 29. Rc3 Re7 30. Rdc1 Bf5 31. Rc4 Red7 32. R1c3 Rd4 33. f3 g4
34. hxg4 hxg4 35. f4 exf4+ 36. gxf4 R4d5 37. Kd2 Rg7 38. Bg2 Rd8 39. Rc6 Rgd7
40. d4 Rxd4+ 41. Kc1 Rd1+ 42. Kb2 R8d2+ 43. Kb3 Rxg2 44. Rxc7+ Kd8 45. Rxa7
Be6+ 0-1

[Event "4NCL Division 4 South"]
[Site "Daventry, ENG"]
[Date "2018.11.17"]
[Round "1.99"]
[White "Rabbitt, Michael"]
[Black "Woodward, Ian P"]
[Result "1-0"]
[WhiteElo "2012"]
[BlackElo "1735"]
[PlyCount "59"]
[EventDate "2018.11.17"]

1. e4 c6 2. Nc3 d5 3. Nf3 Bg4 4. h3 Bxf3 5. Qxf3 Nf6 6. e5 Nfd7 7. d4 e6 8. Qg3
Qb6 9. Qf4 c5 10. Nb5 a6 11. dxc5 Bxc5 12. Nd6+ Bxd6 13. exd6 Nc6 14. a3 Qd4
15. c4 Nf6 16. Rb1 Rc8 17. cxd5 Qxf4 18. Bxf4 Nxd5 19. Bg3 Nd4 20. Bd3 Nb3 21.
O-O Kd7 22. Rbd1 Nc5 23. Bb1 Na4 24. Rxd5 exd5 25. Bf5+ Kd8 26. Bxc8 Kxc8 27.
Rc1+ Kd8 28. Rc7 Nxb2 29. Rxb7 Nc4 30. Rb8+ 1-0

[Event "4NCL Division 4 South"]
[Site "Daventry, ENG"]
[Date "2018.11.17"]
[Round "1.99"]
[White "Shearsby, Jude"]
[Black "Meadows, Michael"]
[Result "0-1"]
[WhiteElo "1420"]
[BlackElo "1973"]
[PlyCount "86"]
[EventDate "2018.11.17"]

1. d4 e6 2. Bf4 c5 3. e3 Nf6 4. Nf3 d5 5. Nbd2 Nc6 6. c3 Bd6 7. Bg3 Bxg3 8.
hxg3 Qd6 9. Bb5 Bd7 10. Bxc6 Bxc6 11. Ne5 Nd7 12. Ndf3 f6 13. Ng6 Rg8 14. Rxh7
O-O-O 15. Rh1 e5 16. dxe5 fxe5 17. Nfh4 d4 18. Nf5 Qf6 19. Nge7+ Kb8 20. Nxg8
Rxg8 21. g4 g6 22. Nh4 Rh8 23. g5 Qxg5 24. cxd4 exd4 25. exd4 Bxg2 26. Rh2 Re8+
27. Qe2 Rxe2+ 28. Kxe2 cxd4 29. Rxg2 Qxh4 30. Rag1 Qe4+ 31. Kd2 Ne5 32. Kc1 d3
33. Rg3 d2+ 34. Kxd2 Nf3+ 35. Rxf3 Qxf3 36. Rxg6 Qxf2+ 37. Kc3 Qe3+ 38. Kb4
Qe4+ 39. Kc5 Qxg6 40. Kb4 Kc7 41. a3 Qc2 42. b3 Kc6 43. a4 Qc5# 0-1

[Event "4NCL Division 4 South"]
[Site "Daventry, ENG"]
[Date "2018.11.17"]
[Round "1.99"]
[White "Bourne, Johnathan D"]
[Black "Dicen, Elis Denele"]
[Result "1-0"]
[WhiteElo "1903"]
[BlackElo "1390"]
[PlyCount "79"]
[EventDate "2018.11.17"]

1. e4 e6 2. d4 d5 3. Nc3 Bb4 4. e5 Bxc3+ 5. bxc3 Ne7 6. h4 Nbc6 7. h5 h6 8. Qg4
Rg8 9. Bd3 Nf5 10. Nf3 b6 11. Qf4 Nfe7 12. g4 Bb7 13. g5 hxg5 14. Nxg5 Rf8 15.
h6 gxh6 16. Rxh6 Qd7 17. Nh7 Ng8 18. Nxf8 Kxf8 19. Ba3+ Ke8 20. Rh8 Nce7 21.
Bxe7 Qxe7 22. Rxg8+ Kd7 23. Rxa8 Bxa8 24. Kd2 c5 25. Bb5+ Kc7 26. Rg1 Qf8 27.
dxc5 bxc5 28. Qf6 Kb6 29. Be2 c4 30. Rg7 Bc6 31. Qxf7 Qb8 32. Qxe6 Qf8 33. Rg6
Qa8 34. Bf3 Kb5 35. a4+ Kc5 36. Qd6+ Kb6 37. Bxd5 a5 38. Bxc6 Qh8 39. Bd5+ Ka7
40. Qc7# 1-0

[Event "4NCL Division 4 South"]
[Site "Daventry, ENG"]
[Date "2018.11.17"]
[Round "1.99"]
[White "Tombolis, Christopher"]
[Black "Bull, Philip"]
[Result "0-1"]
[WhiteElo "1920"]
[BlackElo "1952"]
[PlyCount "75"]
[EventDate "2018.11.17"]

1. d4 d5 2. c4 e6 3. Nc3 f5 4. Nf3 Nf6 5. g3 c6 6. Bg2 Bd6 7. O-O Qe7 8. Bf4
Nbd7 9. Qb3 Bxf4 10. gxf4 O-O 11. cxd5 exd5 12. Ne5 Kh8 13. Nd1 Ne4 14. Qd3 Rf6
15. f3 Nd6 16. Nf2 Rh6 17. Qe3 Nf8 18. Qa3 Ng6 19. Nh3 Kg8 20. Rae1 Be6 21. e3
a6 22. Ng5 Re8 23. Bh3 Bc8 24. Kh1 Rh5 25. Nxg6 hxg6 26. e4 dxe4 27. fxe4 Be6
28. Qc3 Nxe4 29. Rxe4 Bd5 30. Bg2 fxe4 31. Re1 Qf6 32. Qe3 Rh4 33. Rf1 Rf8 34.
Bxe4 Bxe4+ 35. Qxe4 Qf5 36. Qe3 Qd5+ 37. Rf3 Rhxf4 38. Kg2 0-1

[Event "4NCL Division 4 South"]
[Site "Daventry, ENG"]
[Date "2018.11.17"]
[Round "1.99"]
[White "Clark, Matthew D H"]
[Black "Trivedi, Aarnavh"]
[Result "1/2-1/2"]
[WhiteElo "1900"]
[BlackElo "1810"]
[PlyCount "81"]
[EventDate "2018.11.17"]

1. e4 c6 2. c4 d5 3. cxd5 cxd5 4. exd5 Nf6 5. Nc3 Nxd5 6. Bb5+ Bd7 7. Bxd7+
Qxd7 8. d4 Nc6 9. Nf3 g6 10. O-O Bg7 11. Re1 O-O 12. Ne5 Nxe5 13. dxe5 Rad8 14.
Nxd5 Qxd5 15. Qxd5 Rxd5 16. Bf4 Rc8 17. Rad1 Rcd8 18. Rxd5 Rxd5 19. Kf1 Kf8 20.
b3 Ke8 21. e6 fxe6 22. Rxe6 Kd7 23. Re2 b5 24. Rc2 e5 25. Be3 a6 26. Bb6 Ke6
27. Rc7 Rd7 28. Rxd7 Kxd7 29. Ke2 Kc6 30. Be3 a5 31. Kd3 Kd5 32. f3 Bf8 33. a4
bxa4 34. bxa4 Bc5 35. Bd2 Bb6 36. g4 Bc7 37. h4 Bd8 38. h5 Bc7 39. hxg6 hxg6
40. Be3 Bd8 41. Bf2 1/2-1/2

[Event "4NCL Division 4 South"]
[Site "Daventry, ENG"]
[Date "2018.11.17"]
[Round "1.99"]
[White "Judkins, Brian D"]
[Black "Bowcott-Terry, Finlay"]
[Result "0-1"]
[WhiteElo "1735"]
[BlackElo "1922"]
[PlyCount "80"]
[EventDate "2018.11.17"]

1. e4 c5 2. Nf3 d6 3. d3 Nc6 4. g3 e6 5. Bg2 Nf6 6. O-O Be7 7. c3 O-O 8. Re1 d5
9. e5 Nd7 10. d4 b5 11. h4 a5 12. a3 c4 13. Bg5 Bb7 14. Bxe7 Qxe7 15. Nbd2 b4
16. Nf1 Rab8 17. axb4 axb4 18. Qd2 Ra8 19. cxb4 Nxb4 20. Ne3 Nd3 21. Red1 Qb4
22. Qxb4 Nxb4 23. Ne1 Nb6 24. N3c2 Nxc2 25. Nxc2 Na4 26. Rdb1 Bc6 27. b4 Nc3
28. Re1 Ba4 29. Na3 Bb3 30. Bf3 Na2 31. Nb5 Nxb4 32. Rxa8 Rxa8 33. Rc1 Ra5 34.
Nc3 Kf8 35. Bd1 Bxd1 36. Rxd1 Ra3 37. Rb1 Rxc3 38. Rxb4 Rb3 39. Ra4 g6 40. Ra8+
Kg7 0-1

[Event "4NCL Division 4 South"]
[Site "Daventry, ENG"]
[Date "2018.11.17"]
[Round "1.99"]
[White "Kolbusz, George"]
[Black "Srivastava, Arnav"]
[Result "1-0"]
[WhiteElo "1832"]
[BlackElo "1802"]
[PlyCount "73"]
[EventDate "2018.11.17"]

1. d4 Nf6 2. c4 e6 3. Nf3 d5 4. g3 c6 5. Bg2 Bd6 6. b3 Nbd7 7. O-O O-O 8. Bb2
Re8 9. Ne5 c5 10. e3 Qc7 11. f4 Nb6 12. Nd2 Nfd7 13. Rc1 f6 14. Nd3 dxc4 15.
Nxc4 Bf8 16. Qh5 g6 17. Qe2 Qd8 18. Rfd1 Nd5 19. e4 Nc7 20. dxc5 Nxc5 21. Ba3
N5a6 22. Nde5 fxe5 23. Rxd8 Rxd8 24. Bxf8 Kxf8 25. Nxe5 Bd7 26. Qb2 Kg8 27. Ng4
h5 28. Nf6+ Kf7 29. Nh7 Kg8 30. Ng5 Rf8 31. e5 Rab8 32. Be4 32... Kg7 $11 33.
Qd4 Bb5 34. Qd6 Be8 35. Rxc7+ Nxc7 36. Qxc7+ Bf7 37. Nxe6+ 1-0